000 00971 a2200277 4500
003 Nust
005 20170207165540.0
020 _a0-12-370548-7 (hardcover : alk. paper)
020 _a0-12-374013-4 (pbk. : alk. paper)
020 _a978-0-12-370548-8 (hardcover : alk. paper)
020 _a978-0-12-374013-7 (pbk. : alk. paper)
040 _cNust
082 0 0 _a004.65
100 1 _aPeterson, Larry L.
245 1 0 _aComputer networks : (E-Book)
_ba systems approach
_cLarry L. Peterson & Bruce S. Davie
250 _a4th ed.
260 _aAmsterdam ;
_aBoston :
_bMorgan Kaufmann,
_cc2007
300 _axxvii, 806 p. :
_bill. ;
_c25 cm.
490 1 _aThe Morgan Kaufmann series in networking
650 0 _aComputer networks
650 0 _aComputer networks
651 _aE-BOOK
700 1 _aDavie, Bruce S.
830 4 _aThe Morgan Kaufmann series in networking
856 4 2 _3Publisher description
_uhttp://www.loc.gov/catdir/enhancements/fy0704/2006102454-d.html
942 _2ddc
_cBK
999 _c212418
_d212418